000 01505nam a2200277 4500
999 _c2771
_d2771
003 BJBSDDR
005 20230404125705.0
007 ta
008 060907s2015 nju eng
020 _a9780691165745 (pbk)
020 _a0691165742 (pbk)
040 _bspa
_cBJBSDDR
041 _aeng
050 1 4 _aHB 501
_bM956l 2015
082 0 0 _a330.12/2
100 1 _aMulgan, Geoff,
_d1961-
245 1 4 _aThe locust and the bee :
_bpredators and creators in capitalism's future /
_cGeoff Mulgan.
250 _a2nd printing, and 1st paperback printing
260 _aPrinceton, N.J :
_bPrinceton University Press,
_c2015.
300 _a343 p. ;
_c24 cm.
505 _aChapter 1- After Capitalism 1 Chapter 2 - Barren and Pregnant Crises 17 Chapter 3 - The Essence of Capitalism 28 Chapter 4 - To Take or to Make 52 *The Roles of Creators and Predators Chapter 5 - Capitalism's Critics 79 Chapter 6 - Anticapitalist Utopias and Neotopias 104 Chapter 7 - The Nature of Change 116 *How One System Becomes Another Chapter 8- Creative and Predatory Technology 145 Chapter 9 - The Rise of Economies Based on Relationships and Maintenance 172 Chapter 10 - Capitalism's Generative Ideas 198 Chapter 11 - New Accommodations 230 *or How Societies (Occasionally) Jump Chapter 12 - Outgrowing Capitalism 280 Notes 289 Acknowledgments 321 Index 323
650 0 _aCapitalismo
_xHistoria
_94122
650 4 _928
_aHistoria económica
650 4 _914673
_aFilosofía de la economía
942 _2lcc
_cBK